000 00334nam a22001337a 4500
008 240920b |||||||| |||| 00| 0 eng d
020 _a81-203-20-58-1
100 _aR A Gayakwad
245 _aOP AMPS & Linear Integrated Circuits
260 _aNew Delhi
_bPrentice Hall
_c2003
300 _a542
650 _aBB-EE
942 _2ddc
_cBK
999 _c20858
_d20858